LEADER 01025naa a2200229 u 4500 001 000000096731 003 CaOOAMICUS 005 20070226130147.0 008 041210s1981 it u000 u fre u 020 $a2728300267 035 $a11018642 040 $aIAR$bita 100 1 $aArrighi, Jean-François,$cvesc. tit. di Vico Equense,$d1918-$0(OLS)http://pul/name/61585 245 10$aDes confréries françaises aux Pieux Étabissements /$cJean-François Arrighi. 260 $aRome :$bAcadémie de France :$bEcole française de Rome,$c1981. 300 $aS. 1-10 ;$c25 cm 773 0 $aLes fondations nationales dans la Rome pontificale. 773 0 $tCollection de l'Ecole française de Rome$g52 773 0 $tLes Fondations nationales dans la Rome pontificale$w()907 996 $6020$a2728300267$9(OLS)http://pul/number/1218 996 $6245$aDes confréries françaises aux Pieux Étabissements$9(OLS)http://pul/title/123613 996 $6260$aRome :$bAcadémie de France :$bEcole française de Rome$9(OLS)http://pul/publisher/48415 LEADER 01614nam a2200325 u 4500 001 000000010213 003 CaOOAMICUS 005 20070226105307.0 008 940516s1992 it u000 u ita u 020 $a88-13-17451-9 035 $a10253495 040 $aPUL$bita 100 1 $aD'Orazio, Giustino.$0(OLS)http://pul/name/10071 245 13$aLo straniero nella costituzione italiana :$b(asilo - condizione giuridica - estradizione) /$cGiustino D'Orazio. 260 $aPadova :$bCEDAM,$c1992. 300 $axxi, 510 p. ;$c24 cm 490 1 $aDipartimento di Scienze Giuridiche, Università di Trento ;$v12 504 $aBibliografia: p. [455]-498 650 4$aDiritto di asilo$zItalia.$0(OLS)http://pul/subject/8176 650 4$aStranieri$xDiritto internazionale.$0(OLS)http://pul/subject/8177 650 4$aStranieri$xDiritto e legislazione$zItalia.$0(OLS)http://pul/subject/8178 710 2 $aUniversità degli studi di Trento.$bDipartimento di scienze giuridiche.$0(OLS)http://pul/name/10072 830 0$aDipartimento di scienze giuridiche (Università degli studi di Trento) ;$v12.$0(OLS)http://pul/title/11733 850 $aPUL 852 $aPUL$W1$xSL Diritto e Scienze Sociali 1$y4$m175 E 76$j14544$nBK-PRI$b $qStampati$B14544$CPULBib$Z2$F14544 $H $81 941 1 $a8 961 $aINV: 70955 996 $6020$a88-13-17451-9$9(OLS)http://pul/number/13124 996 $6245$aLo straniero nella costituzione italiana :$b(asilo - condizione giuridica - estradizione)$9(OLS)http://pul/title/14932 996 $6260$aPadova :$bCEDAM$9(OLS)http://pul/publisher/48126